000
00293nam a2200121Ia 4500
008
190216s9999||||xx |||||||||||||| ||und||
100
_a
Aruna Jethwani
245
0
_a
Language Of Love
260
_b
Sterling Publications
_c
1995
300
_a
93p
650
_a
English Short Stories
942
_c
BK
999
_c
14086
_d
14086